Countries that visit Finland the most - Statistics

General Stats
  • This quiz has been taken 63 times
  • The average score is 9 of 10
Answer Stats
Visitors Country % Correct
597 000 Sweden
100%
822 000 Russia
98%
220 000 Estonia
96%
623 000 Germany
96%
269 000 The United States of America
95%
586 000 United Kingdom
95%
280 000 France
89%
238 000 Japan
89%
390 000 China
88%
227 000 The Netherlands
57%
No matching quizzes found
Score Distribution
Percent of People with Each Score
Percentile by Number Answered
Your Score History
You have not taken this quiz